Die schiedsgerichtsbarket seit 1914; (Record no. 89833)

MARC details
000 -LEADER
fixed length control field 00509cam a2200181u 4500
001 - CONTROL NUMBER
control field sd 40000024
003 - CONTROL NUMBER IDENTIFIER
control field DLC
005 - DATE AND TIME OF LATEST TRANSACTION
control field 20260227112733.0
008 - FIXED-LENGTH DATA ELEMENTS--GENERAL INFORMATION
fixed length control field 840808s1938 gw 000 0 ger
010 ## - LIBRARY OF CONGRESS CONTROL NUMBER
LC control number sd 40000024
040 ## - CATALOGING SOURCE
Original cataloging agency DLC
Transcribing agency CarP
Modifying agency DLC
050 00 - LIBRARY OF CONGRESS CALL NUMBER
Classification number JX1952
Item number .S358
100 1# - MAIN ENTRY--PERSONAL NAME
Personal name Schindler, Dietrich,
Dates associated with a name 1890-1948.
245 14 - TITLE STATEMENT
Title Die schiedsgerichtsbarket seit 1914;
260 ## - PUBLICATION, DISTRIBUTION, ETC.
Place of publication, distribution, etc. Stuttgart,
Name of publisher, distributor, etc. W. Kohlhammer,
Date of publication, distribution, etc. 1938.
300 ## - PHYSICAL DESCRIPTION
Extent xiv, [2], 212 p.
Dimensions 25 cm.
650 #0 - SUBJECT ADDED ENTRY--TOPICAL TERM
Topical term or geographic name entry element Arbitration (International law)

No items available.

Powered by Koha